| Tag |
First Indicator |
Second Indicator |
Subfields |
| LEADER |
00000cam a2200000 a 4500 |
| 001 |
in00000092690 |
| 005 |
20150923132150.0 |
| 008 |
810811s1980 bcca b 00010 eng d |
| 020 |
|
|
|a 0888390483 (pbk)
|
| 035 |
|
|
|a (OCoLC)07659677
|
| 035 |
|
|
|9 AAK7511AM
|
| 040 |
|
|
|a CBC
|c CBC
|d OCL
|d TXA
|d UtOrBLW
|
| 049 |
|
|
|a TXAM
|c [1272757]
|
| 090 |
|
|
|a GV943.9 T7
|b K44
|
| 092 |
|
|
|a 796.334
|b K26sh
|
| 100 |
1 |
|
|a Keith, David,
|d 1940-
|
| 245 |
1 |
0 |
|a Soccer handbook /
|c David Keith.
|
| 264 |
|
1 |
|a Vancouver, B.C. :
|b Hancock House,
|c [1980]
|
| 264 |
|
4 |
|c ©1980
|
| 300 |
|
|
|a 66 pages :
|b illustrations ;
|c 28 cm.
|
| 336 |
|
|
|a text
|b txt
|2 rdacontent
|
| 337 |
|
|
|a unmediated
|b n
|2 rdamedia
|
| 338 |
|
|
|a volume
|b nc
|2 rdacarrier
|
| 490 |
1 |
|
|a Physical education activity handbook series
|
| 504 |
|
|
|a Bibliography: page 63.
|
| 650 |
|
0 |
|a Soccer
|x Training.
|
| 830 |
|
0 |
|a Physical education activity handbook series.
|
| 999 |
|
|
|a MARS
|
| 999 |
f |
f |
|s c27f6b5f-43b0-38b7-af09-0e7976b7a482
|i 8d095cba-013c-32bb-b979-ca5408b836df
|t 0
|
| 952 |
f |
f |
|p ric
|a Texas A&M University
|b Rellis Campus
|c Joint Library Facility
|d Remote Storage
|t 0
|e GV943.9 T7 K44
|h Library of Congress classification
|i unmediated -- volume
|m A14806005144
|
| 998 |
f |
f |
|a GV943.9 T7 K44
|t 0
|l Remote Storage
|